| 000 | 00511nam a22001937a 4500 | ||
|---|---|---|---|
| 003 | PILC | ||
| 005 | 20160204102022.0 | ||
| 008 | 121114t xxu||||| |||| 00| 0 eng d | ||
| 020 | _a9780450057731 | ||
| 050 |
_aPR 6061 _b.Al42 1984 |
||
| 082 |
_aFIC _bAl5n 1984 |
||
| 100 |
_aAllbeury, Ted _917238 |
||
| 245 |
_aNo place to hide _cby Ted Allbeury |
||
| 260 |
_aGreat Britain _bNew English Library Paperbacks _c1990 |
||
| 300 |
_g17.6cm _a224 p. |
||
| 650 |
_atitle _9403 |
||
| 942 |
_2lcc _cBK |
||
| 999 |
_c10832 _d10832 |
||